Lanean...

Varikalkkappuram

Xehetasun bibliografikoak
Egile nagusia: Kuldeep Nayyar
Beste egile batzuk: tr by N K bhoopesh
Formatua: Printed Book
Argitaratua: Calicut Mathrubhumi 2012
Gaiak:
LEADER 00521nam a22001577a 4500
020 |a 9788182655591 
082 |a A 920.070 KUL/V 
100 |a Kuldeep Nayyar 
245 |a Varikalkkappuram 
260 |a Calicut  |b Mathrubhumi  |c 2012 
300 |a 510 
650 |a Malayalam literature, Autobiography, Journalism, Translation 
700 |a tr by N K bhoopesh 
942 |c BK 
999 |c 136870  |d 136866 
952 |0 0  |1 0  |4 0  |6 A_920_070000000000000_KUL_V  |7 0  |9 135654  |a SCP  |b SCP  |d 2017-09-13  |l 0  |o A 920.070 KUL/V  |p SCP07581  |r 2017-09-13  |w 2017-09-13  |y BK